| 000 | 00820nam a2200253Ia 4500 | ||
|---|---|---|---|
| 001 | 18619 | ||
| 003 | GE_BSU | ||
| 008 | 181216s||||||||xx |||||||||||||| ||und|| | ||
| 040 | _cGE_BSU | ||
| 080 | _a821.353.1-1 | ||
| 100 | _aჯაყელი,ჯემალ | ||
| 245 | _aიმხნად | ||
| 245 | _b[ლექსები] | ||
| 245 | _cრედ.შემდგ.სანდრო ბერიძე | ||
| 260 | _aბათუმი. | ||
| 260 | _bსრულიად საქართველოს ასოციაცია მესხეთი | ||
| 260 | _c2016 | ||
| 300 | _a173გვ;ილ;19სმ. | ||
| 300 | _b1ფ. პორტრეტი | ||
| 653 | _aიმხნად | ||
| 653 | _aლექსები | ||
| 653 | _aქართული პოეზია | ||
| 942 | _cBK | ||
| 999 |
_c51628 _d51628 |
||